000
00305nam a2200133Ia 4500
005
20251222144915.0
008
251222s9999||||xx |||||||||||||| ||spa||
020
_a
84-288-1146-6
082
_a
289.8/T42
100
_a
Tettamanzi, Dionigi
245
0
_a
Veritatis Splendor:
264
_b
PPC
942
_c
LIB
999
_c
22513
_d
22513